Researching national security intelligence : (Record no. 260)
[ view plain ]
| 000 -LEADER | |
|---|---|
| fixed length control field | 01104cam a2200277 i 4500 |
| 003 - CONTROL NUMBER IDENTIFIER | |
| control field | OSt |
| 005 - DATE AND TIME OF LATEST TRANSACTION | |
| control field | 20230626121740.0 |
| 008 - FIXED-LENGTH DATA ELEMENTS--GENERAL INFORMATION | |
| fixed length control field | 190322s2019 dcu b 101 0 eng |
| 020 ## - INTERNATIONAL STANDARD BOOK NUMBER | |
| International Standard Book Number | 9781626167049 |
| 040 ## - CATALOGING SOURCE | |
| Transcribing agency | NIRUC |
| 050 00 - LIBRARY OF CONGRESS CALL NUMBER | |
| Classification number | UA10.5 |
| Item number | .R47 2019 |
| 245 00 - TITLE STATEMENT | |
| Title | Researching national security intelligence : |
| Remainder of title | multidisciplinary approaches / |
| Statement of responsibility, etc. | Stephen Coulthart, Michael Landon-Murray, Damien Van Puyvelde, editors. |
| 260 ## - PUBLICATION, DISTRIBUTION, ETC. | |
| Place of publication, distribution, etc. | Washington, DC |
| Name of publisher, distributor, etc. | Georgetown University Press |
| Date of publication, distribution, etc. | 2019 |
| 300 ## - PHYSICAL DESCRIPTION | |
| Extent | xiv, 255 p. |
| Dimensions | 23 cm |
| 504 ## - BIBLIOGRAPHY, ETC. NOTE | |
| Bibliography, etc. note | Includes bibliographical references |
| 650 #0 - SUBJECT ADDED ENTRY--TOPICAL TERM | |
| Topical term or geographic name entry element | National security |
| General subdivision | Research |
| Form subdivision | Congresses |
| 650 #0 - SUBJECT ADDED ENTRY--TOPICAL TERM | |
| Topical term or geographic name entry element | Military intelligence |
| General subdivision | Research |
| Form subdivision | Congresses |
| 650 #0 - SUBJECT ADDED ENTRY--TOPICAL TERM | |
| Topical term or geographic name entry element | Intelligence service |
| General subdivision | Research |
| Form subdivision | Congresses |
| 650 #0 - SUBJECT ADDED ENTRY--TOPICAL TERM | |
| Topical term or geographic name entry element | National security |
| General subdivision | Study and teaching |
| Form subdivision | Congresses |
| 650 #0 - SUBJECT ADDED ENTRY--TOPICAL TERM | |
| Topical term or geographic name entry element | Military intelligence |
| General subdivision | Study and teaching |
| Form subdivision | Congresses |
| 650 #0 - SUBJECT ADDED ENTRY--TOPICAL TERM | |
| Topical term or geographic name entry element | Intelligence service |
| General subdivision | Study and teaching |
| Form subdivision | Congresses |
| 700 1# - ADDED ENTRY--PERSONAL NAME | |
| Personal name | Coulthart, Stephen, |
| Relator term | editor. |
| 700 1# - ADDED ENTRY--PERSONAL NAME | |
| Personal name | Landon-Murray, Michael, |
| Relator term | editor. |
| 700 1# - ADDED ENTRY--PERSONAL NAME | |
| Personal name | Van Puyvelde, Damien, |
| Relator term | editor. |
| 942 ## - ADDED ENTRY ELEMENTS (KOHA) | |
| Source of classification or shelving scheme | Library of Congress Classification |
| Koha item type | Books |
| Suppress in OPAC | No |
| Withdrawn status | Lost status | Source of classification or shelving scheme | Damaged status | Not for loan | Home library | Current library | Shelving location | Date acquired | Total checkouts | Full call number | Barcode | Date last seen | Price effective from | Koha item type | Date last checked out |
|---|---|---|---|---|---|---|---|---|---|---|---|---|---|---|---|
| Library of Congress Classification | NIRU LIBRARY | NIRU LIBRARY | On display | 06/26/2023 | UA10.5 .R47 2019 | 2023-0579 | 09/01/2025 | 06/26/2023 | Books | ||||||
| Library of Congress Classification | NIRU LIBRARY | NIRU LIBRARY | On display | 06/26/2023 | 1 | UA10.5 .R47 2019 | 2023-0580 | 10/19/2023 | 06/26/2023 | Books | 10/04/2023 |
